000 00313nam a22001337a 4500
008 181205b xxu||||| |||| 00| 0 eng d
020 _a0395838673
041 _aeng
080 _a370
100 _a49
101 _aEDU
245 _aReading Textbook A college Skills Handbook
_cWiener.B
942 _2udc
_cBK
999 _c52898
_d52898